Pharmaceutical care practice : (Record no. 20916)
[ view plain ]
| 000 -LEADER | |
|---|---|
| fixed length control field | 01767cam a22003375a 4500 |
| 001 - CONTROL NUMBER | |
| control field | 16953089 |
| 005 - DATE AND TIME OF LATEST TRANSACTION | |
| control field | 20151015125412.0 |
| 008 - FIXED-LENGTH DATA ELEMENTS--GENERAL INFORMATION | |
| fixed length control field | 110906t2012 nyua frbd 001 0 eng d |
| 020 ## - INTERNATIONAL STANDARD BOOK NUMBER | |
| International Standard Book Number | 9780071756389 (softcover : alk. paper) |
| 020 ## - INTERNATIONAL STANDARD BOOK NUMBER | |
| International Standard Book Number | 0071756388 (softcover : alk. paper) |
| 040 ## - CATALOGING SOURCE | |
| Original cataloging agency | DNLM/DLC |
| Language of cataloging | eng |
| Transcribing agency | DLC |
| Modifying agency | DLC |
| -- | EG-ScBUE |
| 082 04 - DEWEY DECIMAL CLASSIFICATION NUMBER | |
| Classification number | 615.1068 |
| Item number | CIP |
| Edition number | 22 |
| 100 1# - MAIN ENTRY--PERSONAL NAME | |
| Personal name | Cipolle, Robert J. |
| 9 (RLIN) | 38493 |
| 245 10 - TITLE STATEMENT | |
| Title | Pharmaceutical care practice : |
| Remainder of title | the patient-centered approach to medication management services / |
| Statement of responsibility, etc | Robert J. Cipolle, Linda M. Strand, Peter C. Morley. |
| 250 ## - EDITION STATEMENT | |
| Edition statement | 3rd ed. |
| 260 ## - PUBLICATION, DISTRIBUTION, ETC. (IMPRINT) | |
| Place of publication, distribution, etc | New York : |
| Name of publisher, distributor, etc | McGraw-Hill Medical, |
| Date of publication, distribution, etc | c.2012. |
| 300 ## - PHYSICAL DESCRIPTION | |
| Extent | xxvii, 697 p. : |
| Other physical details | ill. ; |
| Dimensions | 25 cm. |
| 500 ## - GENERAL NOTE | |
| General note | Rev. ed. of : Pharmaceutical care practice / Robert J. Cipolle, Linda M. Strand, Peter C. Morley. 2nd ed. c2004. |
| 500 ## - GENERAL NOTE | |
| General note | Index : p. 683-697. |
| 500 ## - GENERAL NOTE | |
| General note | Glossary : p. 655-670. |
| 504 ## - BIBLIOGRAPHY, ETC. NOTE | |
| Bibliography, etc | Includes bibliographical references. |
| 505 0# - FORMATTED CONTENTS NOTE | |
| Formatted contents note | Medication management services defined -- Pharamceutical care as the professional practie for patient centered medication management services -- Toward a philosophy of pharmaceutical care practice -- Patient centeredness in pharmacetuical care -- Drug therapy problems -- The assessment -- The care plan -- Follow-up evaluation -- Documentation in practice -- Acquiring and applying the knowledge and clinical skills required to manage drug therapy -- Managing medication management services -- The global perspective. |
| 650 #0 - SUBJECT ADDED ENTRY--TOPICAL TERM | |
| Topical term or geographic name as entry element | Pharmaceutical services. |
| Source of heading or term | BUEsh |
| 9 (RLIN) | 32462 |
| 650 #0 - SUBJECT ADDED ENTRY--TOPICAL TERM | |
| Topical term or geographic name as entry element | Pharmacology. |
| Source of heading or term | BUEsh |
| 651 ## - SUBJECT ADDED ENTRY--GEOGRAPHIC NAME | |
| Source of heading or term | BUEsh |
| 653 ## - INDEX TERM--UNCONTROLLED | |
| Resource For college | Pharmacy |
| Arrived date list | October2015 |
| 655 ## - INDEX TERM--GENRE/FORM | |
| Form subdivision | Reading book |
| -- | 34232 |
| 700 1# - ADDED ENTRY--PERSONAL NAME | |
| Personal name | Morley, Peter C. |
| 700 1# - ADDED ENTRY--PERSONAL NAME | |
| Personal name | Strand, Linda M. |
| 942 ## - ADDED ENTRY ELEMENTS (KOHA) | |
| Source of classification or shelving scheme | Dewey Decimal Classification |
| Call number prefix | 615.1068 CIP |
| Withdrawn status | Item status | Source of classification or shelving scheme | Damaged status | Not for loan | Vendor | Home library | Current library | Shelving location | Date acquired | Source of acquisition | Total Checkouts | Full call number | Barcode | Date last seen | Koha item type |
|---|---|---|---|---|---|---|---|---|---|---|---|---|---|---|---|
| Dewey Decimal Classification | Baccah | Central Library | Central Library | First floor | 15/10/2015 | Purchase | 615.1068 CIP | 000039925 | 15/07/2025 | Book - Borrowing |